000 00828nam a2200217Ia 4500
003 IN-BaIIA
008 211028s9999 xx 000 0 eng d
040 _cIIA Library
080 _a52(082.2)
_bASS-52
111 _aNeil Brice Memorial Symposium
_cTracati (?)
_d1974 May 28-June 1
_98707
245 4 _aThe Magnetospheres of the earth and jupiter
_bproceedings of the Neil Brice Memorial symposium held in Tracati, May 28 - June 1 1974
_cedited by V. Formisano
260 _aDordrecht
_bD. Reidel Publishing
_c1975
300 _aXI, 485p.
490 _aAstrophysics and space science library; v. 52
650 _a Ionosphere 
_98473
650 _a Magnetospheres 
_98708
650 _a Upper Atmosphere
_98709
650 _aAstronomy and Astrophysics Thesaurus 
_91143
700 _aFormisano, V., ed.
_98710
942 _cBK
999 _c4874
_d4874